LEADER 00993nam a2200229 i 4500 001 000000137279 003 CaOOAMICUS 005 20060914000000.0 008 060914n it u000 u ita u 013 $a111052 040 $aSeMil$bita 100 1 $aBiffi, Edoardo.$0(OLS)http://semarc/name/54552 245 10$aSì alla pace no alla violenza :$bil Magistero sulla pace da Benedetto 15. a Giovanni Paolo 2 /$cEdoardo Biffi. 300 $a176 p. ;$c21 cm. 490 0 $aQuaderni di formazione sociale 500 $aCon dedica autografa. - Contiene : Appendice. 650 4$aPace - Concezione cristiana.$0(OLS)http://semarc/subject/1623 830 0$aQuaderni di formazione sociale.$0(OLS)http://semarc/title/13525 850 $aSeMil 852 $aSeMil$W1$xVenegono$y1$m2A I 36$j90830$B90830$CSeMilBibl$Z2$F115031 $81 961 $aRecupero: Altro 996 $6245$aSì alla pace no alla violenza :$bil Magistero sulla pace da Benedetto 15. a Giovanni Paolo 2$9(OLS)http://semarc/title/200565 LEADER 01250nam a2200265 i 4500 001 000000046316 003 CaOOAMICUS 005 20230927114452.0 008 040922s1988 it u000 u ita u 013 $a17486 040 $aSeMil$bita 245 10$aAlmanacco viggiutese :$bnumero 1, maggio 1988 /$cGottardo Ortelli ; Lisetta Buzzi Reschini ... [et al.] ; fotografie di Sergio Maritan ...[et al.]. 260 $aViggiù :$bMuseo Butti,$c1988. 300 $a48 p. :$briccamente ill. ;$c24 cm. 500 $aIn preliminari : La pubblicazione è sostenuta da contributi della Comunità Montana della Valceresio e della Banca Popolare di Luino e di Varese. 650 4$aViggiù.$0(OLS)http://semarc/subject/17 700 1 $aOrtelli, Gottardo.$0(OLS)http://semarc/name/23018 700 1 $aMaritan, Sergio.$0(OLS)http://semarc/name/23020 700 1 $aBuzzi Reschini, Lisetta.$0(OLS)http://semarc/name/23019 850 $aSeMil 852 $aSeMil$W1$xVenegono$y1$m3P III 271$j12471$B12471$CSeMilBibl$Z2$F12471 $81 961 $aOmaggio: Donazione 996 $6245$aAlmanacco viggiutese :$bnumero 1, maggio 1988$9(OLS)http://semarc/title/69200 996 $6260$aViggiù :$bMuseo Butti$9(OLS)http://semarc/publisher/40781